Guess the random Taylor Swift Song Lyrics 36 - Statistics

General Stats
  • This quiz has been taken 9 times
  • The average score is 155 of 239
Answer Stats
Answer % Correct
a
100%
A
100%
be
100%
by
100%
do
100%
ever
100%
for
100%
go
100%
I
100%
it
100%
me
100%
So
100%
so
100%
the
100%
to
100%
too
100%
what
100%
When
100%
you
100%
You
100%
am
88%
And
88%
can
88%
had
88%
if
88%
in
88%
it's
88%
know
88%
no
88%
of
88%
On
88%
on
88%
This
88%
this
88%
all
75%
been
75%
But
75%
but
75%
could
75%
have
75%
That
75%
up
75%
wanted
75%
how
63%
How
63%
never
63%
now
63%
right
63%
see
63%
there
63%
try
63%
baby
50%
better
50%
didn't
50%
first
50%
give
50%
got
50%
I've
50%
knew
50%
late
50%
Oh
50%
oh
50%
one
50%
times
50%
would
50%
best
38%
few
38%
saw
38%
still
38%
anything
25%
lookin'
25%
nothing
25%
part
25%
read
25%
find
13%
lets
13%
lonely
13%
lot
13%
Nobody
13%
nowhere
13%
outside
13%
places
13%
reason
13%
seems
13%
take
13%
tried
13%
went
13%
work
13%
yeah
13%
ain't
0%
between
0%
helped
0%
less
0%
lines
0%
looking
0%
notices
0%
road
0%
traveled
0%
until
0%
view
0%
No matching quizzes found
Score Distribution
Percent of People with Each Score
Percentile by Number Answered
Your Score History
You have not taken this quiz